| 000 | 00642nam a2200193 a 4500 | ||
|---|---|---|---|
| 001 | 000004504 | ||
| 005 | 20200929151441.0 | ||
| 008 | 090723s1984 dr r 001 0 spa d | ||
| 040 |
_aDO-SdBNP _bspa _cBNPHU |
||
| 082 |
_axxx _bB496m |
||
| 100 | 1 |
_aBerges, Frederich E. _913173 |
|
| 245 | 1 | 0 |
_aMercados de capital : _bdesarrollo y legislación en la República Dominicana / _cFrederich E. Berges. |
| 260 |
_aSanto Domingo : _bCentro de Estudios Monetarios y Bancarios, _c1984. |
||
| 300 |
_a59 p. ; _c22 cm. |
||
| 490 | 1 | _aConferencias | |
| 500 | _aIncluye índice | ||
| 500 | _aIncluye notas al pie de páginas | ||
| 830 | 0 |
_aConferencias _99567 |
|
| 999 |
_c4313 _d4313 |
||